[Event "Marienbad Open 2025 - A GM Round Robin"]
[Site "Continental hotel, Marianske Lazne"]
[Date "2025.01.23"]
[Round "7"]
[Board "3"]
[White "Korobov, Anton"]
[Black "Otsuka, Shou"]
[Result "1/2-1/2"]
[WhiteElo "2627"]
[BlackElo "2214"]
[PlyCount "0"]
[EventDate "2025.01.18"]
[EventRounds "9"]
[EventCountry "CZE"]

1. e4 e5 2. Nf3 Nc6 3. Bb5 a6 4. Ba4 Nf6 5. O-O b5 6. Bb3 Bc5 7. a4 Rb8 8. axb5 axb5
9. d3 O-O 10. Nc3 h6 11. Nd5 d6 12. c3 Bg4 13. h3 Bxf3 14. Qxf3 Nxd5 15. Bxd5 Ne7
16. Bb3 b4 17. Qd1 bxc3 18. bxc3 Ng6 19. Rb1 Qf6 20. g3 Rb6 21. Kg2 Rfb8 22. Bd2
c6 23. Qc2 d5 24. Ba2 Rxb1 25. Bxb1 Ba3 26. Qa4 Bc5 27. Bc2 Rd8 28. Bb3 Qd6 29. Bc1
Qf6 30. Qa5 Qd6 31. Re1 Rb8 32. Qa2 Rd8 33. Re2 Bb6 34. c4 Ne7 35. cxd5 cxd5 36.
Rc2 Bc5 37. Qa5 Bb4 38. Qa4 Kh7 39. Kh2 Bc5 40. exd5 Nxd5 41. Qe4+ Kg8 42. Bb2 Nf6
43. Qc4 Bd4 44. Qxf7+ Kh8 45. Rc7 Nd7 46. Rc2 Bxb2 47. Rxb2 Qd4 48. Rc2  1/2-1/2

[Event "Marienbad Open 2025 - A GM Round Robin"]
[Site "Continental hotel, Marianske Lazne"]
[Date "2025.01.23"]
[Round "7"]
[Board "4"]
[White "Besou, Hussain"]
[Black "Harshavardhan, G B"]
[Result "0-1"]
[WhiteElo "2322"]
[BlackElo "2405"]
[PlyCount "0"]
[EventDate "2025.01.18"]
[EventRounds "9"]
[EventCountry "CZE"]

1. d4 Nf6 2. c4 e6 3. Nf3 Bb4+ 4. Bd2 Qe7 5. g3 Nc6 6. Bg2 Bxd2+ 7. Nbxd2 d6 8. O-O
O-O 9. e4 e5 10. d5 Nb8 11. b4 a5 12. a3 Bg4 13. h3 Bxf3 14. Qxf3 Na6 15. Qc3 axb4
16. axb4 c5 17. dxc6 bxc6 18. Ra5 Qb7 19. Rfa1 Nc7 20. Nb3 Ne6 21. Qd2 Rxa5 22. Nxa5
Qc7 23. Nb3 h5 24. Rd1 Rd8 25. h4 Qb6 26. Bf3 Rb8 27. c5 Qxb4 28. Qxb4 Rxb4 29. Na5
Nd4 30. Kg2 Rb5 31. Ra1 Nxf3 32. Kxf3 Rxc5 33. Nb7 Rc3+ 34. Kg2 Nxe4  0-1

[Event "Marienbad Open 2025 - A GM Round Robin"]
[Site "Continental hotel, Marianske Lazne"]
[Date "2025.01.23"]
[Round "7"]
[Board "5"]
[White "Kuru, Atilla"]
[Black "Natsidis, Christoph"]
[Result "1-0"]
[WhiteElo "2418"]
[BlackElo "2351"]
[PlyCount "0"]
[EventDate "2025.01.18"]
[EventRounds "9"]
[EventCountry "CZE"]

1. e4 c5 2. Nf3 e6 3. d4 cxd4 4. Nxd4 a6 5. a3 Nf6 6. Nc3 d6 7. Be3 b5 8. g4 Bb7
9. Bg2 Nfd7 10. g5 Ne5 11. f4 Nc4 12. Bc1 Nd7 13. b3 Ncb6 14. O-O Be7 15. Qh5 g6
16. Qh3 e5 17. Nde2 exf4 18. Bxf4 O-O 19. Qg3 Ne5 20. Nd1 Nbd7 21. Ne3 Rc8 22. Rad1
Qb6 23. Kh1 Rfe8 24. Qh4 h5 25. Rf2 Bf8 26. Rdf1 Rc7 27. Ng3 Rc3 28. Nd1 Ng4 29.
Re2 Rc7 30. Nxh5 gxh5 31. Qxh5 Nge5 32. Ne3 Re6 33. Nd5 Bxd5 34. exd5 Rg6 35. Be3
Qa5 36. Bd4 Qxa3 37. Ref2 Bg7 38. Rxf7 Nxf7 39. Qxg6 Nde5 40. Qe6 Kh8 41. Qe8+  1-0

[Event "Marienbad Open 2025 - A GM Round Robin"]
[Site "Continental hotel, Marianske Lazne"]
[Date "2025.01.24"]
[Round "8"]
[Board "1"]
[White "Deuer, Marius"]
[Black "Natsidis, Christoph"]
[Result "1-0"]
[WhiteElo "2505"]
[BlackElo "2351"]
[PlyCount "0"]
[EventDate "2025.01.18"]
[EventRounds "9"]
[EventCountry "CZE"]

1. d4 Nf6 2. c4 c5 3. d5 b5 4. Nf3 bxc4 5. Nc3 e6 6. e4 Bb7 7. Bxc4 exd5 8. exd5
d6 9. O-O Be7 10. Re1 O-O 11. Qe2 Re8 12. Bg5 Nbd7 13. Bb5 Kf8 14. Qc2 g6 15. Qa4
a6 16. Bc6 Bxc6 17. dxc6 Nb6 18. Qh4 Nh5 19. c7 Qd7 20. Bxe7+ Rxe7 21. g4 Rxe1+ 22.
Rxe1 Nf4 23. Qh6+  1-0

[Event "Marienbad Open 2025 - A GM Round Robin"]
[Site "Continental hotel, Marianske Lazne"]
[Date "2025.01.24"]
[Round "8"]
[Board "2"]
[White "Harshavardhan, G B"]
[Black "Kuru, Atilla"]
[Result "1-0"]
[WhiteElo "2405"]
[BlackElo "2418"]
[PlyCount "0"]
[EventDate "2025.01.18"]
[EventRounds "9"]
[EventCountry "CZE"]

1. d4 d5 2. c4 e6 3. Nc3 Nf6 4. cxd5 exd5 5. Bg5 c6 6. e3 h6 7. Bh4 Be7 8. Bd3 O-O
9. Nge2 Re8 10. Qc2 a5 11. O-O Na6 12. a3 Nc7 13. f3 Ne6 14. Bf2 Bd7 15. a4 c5 16.
Qd2 Qb6 17. Kh1 Qb4 18. Bc2 b5 19. Bh4 bxa4 20. Qd3 Qc4 21. Qxc4 dxc4 22. d5 Nxd5
23. Nxd5 Bxh4 24. Nb6 Rab8 25. Nxd7 Rxb2 26. Bd1 Rd8 27. Ne5 Bf6 28. Ng4 Rd3 29.
Nc1 Rc3 30. Bxa4 Bd8 31. Nf2 Rb4 32. Na2 Rxe3 33. Nxb4 cxb4 34. Bb5 c3 35. Ng4 Bb6
36. Nxe3 Bxe3 37. Rfe1 Nd4 38. Ba4 Bg5 39. Re4 Nf5 40. Bc2  1-0

[Event "Marienbad Open 2025 - A GM Round Robin"]
[Site "Continental hotel, Marianske Lazne"]
[Date "2025.01.24"]
[Round "8"]
[Board "3"]
[White "Otsuka, Shou"]
[Black "Besou, Hussain"]
[Result "1-0"]
[WhiteElo "2214"]
[BlackElo "2322"]
[PlyCount "0"]
[EventDate "2025.01.18"]
[EventRounds "9"]
[EventCountry "CZE"]

1. e4 c5 2. Nf3 Nc6 3. c3 d5 4. exd5 Qxd5 5. d4 Bf5 6. Be3 e6 7. dxc5 Qxd1+ 8. Kxd1
Nf6 9. Bb5 Ng4 10. b4 Nxe3+ 11. fxe3 O-O-O+ 12. Nbd2 Be7 13. Ke2 Bf6 14. Rac1 Ne5
15. e4 Bg6 16. h3 a6 17. Nxe5 Bxe5 18. Bd3 f5 19. Nc4 Bg3 20. e5 Bh5+ 21. Kd2 Bf4+
22. Kc2 Bxc1 23. Rxc1 Kc7 24. Nd6 Rhf8 25. Bc4 Rd7 26. Bxe6 Re7 27. Bd5 Rxe5 28.
Bxb7 a5 29. a3 f4 30. Rf1 g5 31. Bf3 Bxf3 32. gxf3 h5 33. Kd3 Re3+ 34. Kd4 axb4 35.
axb4 Ra8 36. b5 Ra4+ 37. Nc4 Re8 38. c6 Rf8 39. Re1 Kb8 40. b6 g4 41. hxg4 hxg4 42.
fxg4 Rc8 43. Re6 f3 44. Kc5 f2 45. c7+ Kb7 46. Nd6+ Ka6 47. Rf6  1-0

[Event "Marienbad Open 2025 - A GM Round Robin"]
[Site "Continental hotel, Marianske Lazne"]
[Date "2025.01.24"]
[Round "8"]
[Board "4"]
[White "Lalic, Bogdan"]
[Black "Korobov, Anton"]
[Result "1/2-1/2"]
[WhiteElo "2321"]
[BlackElo "2627"]
[PlyCount "0"]
[EventDate "2025.01.18"]
[EventRounds "9"]
[EventCountry "CZE"]

1. d4 d5 2. c4 e6 3. Nc3 Nf6 4. Nf3 c6 5. Bg5 h6 6. Bxf6 Qxf6 7. Qc2 dxc4 8. e3 b5
9. a4 Bb7 10. axb5 cxb5 11. Nxb5 Bb4+ 12. Nc3 O-O 13. Bxc4 Bxf3 14. gxf3 Qxf3 15.
O-O Qg4+ 16. Kh1 Qf3+ 17. Kg1 Qg4+  1/2-1/2

[Event "Marienbad Open 2025 - A GM Round Robin"]
[Site "Continental hotel, Marianske Lazne"]
[Date "2025.01.24"]
[Round "8"]
[Board "5"]
[White "Cvek, Robert"]
[Black "Baum, Jonasz"]
[Result "1/2-1/2"]
[WhiteElo "2439"]
[BlackElo "2457"]
[PlyCount "0"]
[EventDate "2025.01.18"]
[EventRounds "9"]
[EventCountry "CZE"]

1. Nf3 d5 2. e3 Nf6 3. b3 Bf5 4. Bb2 e6 5. Be2 h6 6. c4 Be7 7. O-O O-O 8. d4 c6 9.
Nc3 Nbd7 10. Bd3 Bxd3  1/2-1/2

[Event "Marienbad Open 2025 - A GM Round Robin"]
[Site "Continental hotel, Marianske Lazne"]
[Date "2025.01.25"]
[Round "9"]
[Board "1"]
[White "Baum, Jonasz"]
[Black "Deuer, Marius"]
[Result "1-0"]
[WhiteElo "2457"]
[BlackElo "2505"]
[PlyCount "0"]
[EventDate "2025.01.18"]
[EventRounds "9"]
[EventCountry "CZE"]

1. c4 Nf6 2. Nf3 c5 3. Nc3 Nc6 4. d4 cxd4 5. Nxd4 e6 6. e4 Bc5 7. Nc2 O-O 8. Be3
Qb6 9. Qd2 Bxe3 10. Nxe3 Rd8 11. Be2 Qc5 12. O-O b6 13. Rad1 Bb7 14. a3 Rac8 15.
f4 Qe7 16. e5 Ne8 17. Nb5 f5 18. Bf3 g6 19. Nxa7 Ra8 20. Nb5 Na5 21. b4 Bxf3 22.
Rxf3 Nc6 23. Nc2 Na7 24. Ncd4 Rdc8 25. Nxa7 Rxa7 26. Nb5 Rb7 27. Qe2 Rc6 28. Nd4
Rc8 29. Nb5 Rc6 30. Re3 Qh4 31. Rd4 g5 32. fxg5 f4 33. Rf3  1-0

[Event "Marienbad Open 2025 - A GM Round Robin"]
[Site "Continental hotel, Marianske Lazne"]
[Date "2025.01.25"]
[Round "9"]
[Board "2"]
[White "Korobov, Anton"]
[Black "Cvek, Robert"]
[Result "1/2-1/2"]
[WhiteElo "2627"]
[BlackElo "2439"]
[PlyCount "0"]
[EventDate "2025.01.18"]
[EventRounds "9"]
[EventCountry "CZE"]

1. d4 Nf6 2. c4 e6 3. Nc3 Bb4 4. Qc2 O-O 5. a3 Bxc3+ 6. Qxc3 d5 7. Bg5 dxc4 8. Qxc4
b6 9. Nf3 Ba6 10. Qa4 c5 11. dxc5 bxc5 12. Rd1 Qb6 13. Bxf6 gxf6 14. Rd2 Nc6 15.
Qg4+ Kh8 16. Qh4 Kg7 17. Qg4+  1/2-1/2

[Event "Marienbad Open 2025 - A GM Round Robin"]
[Site "Continental hotel, Marianske Lazne"]
[Date "2025.01.25"]
[Round "9"]
[Board "3"]
[White "Besou, Hussain"]
[Black "Lalic, Bogdan"]
[Result "1-0"]
[WhiteElo "2322"]
[BlackElo "2321"]
[PlyCount "0"]
[EventDate "2025.01.18"]
[EventRounds "9"]
[EventCountry "CZE"]

1. e4 c5 2. Nf3 d6 3. d4 Nf6 4. Nc3 cxd4 5. Nxd4 g6 6. Be3 Nc6 7. f3 h5 8. Qd2 Nxd4
9. Qxd4 Bg7 10. O-O-O O-O 11. Qd2 Be6 12. Kb1 a6 13. Nd5 Nxd5 14. exd5 Bf5 15. Bd3
Bxd3 16. Qxd3 Qc7 17. Rhe1 Rac8 18. Bf2 Rfe8 19. Re4 b5 20. g4 hxg4 21. fxg4 Qb7
22. h4 Rc4 23. h5 g5 24. Rde1 Be5 25. b3 Rec8 26. Rxc4 bxc4 27. Qf5 Bf6 28. Be3 cxb3
29. cxb3 Rc3 30. Bxg5 Qb4 31. Rf1 Qd4 32. Bxf6 exf6 33. Qxf6 Qd3+ 34. Ka1 Rc7 35.
h6  1-0

[Event "Marienbad Open 2025 - A GM Round Robin"]
[Site "Continental hotel, Marianske Lazne"]
[Date "2025.01.25"]
[Round "9"]
[Board "4"]
[White "Kuru, Atilla"]
[Black "Otsuka, Shou"]
[Result "1-0"]
[WhiteElo "2418"]
[BlackElo "2214"]
[PlyCount "0"]
[EventDate "2025.01.18"]
[EventRounds "9"]
[EventCountry "CZE"]

1. e4 e5 2. Nf3 Nc6 3. d4 exd4 4. Nxd4 Nf6 5. Nxc6 bxc6 6. e5 Qe7 7. Qe2 Nd5 8. Nd2
a5 9. c4 Ba6 10. b3 g6 11. Bb2 Bg7 12. Qe4 Nb6 13. O-O-O O-O 14. Qf4 f6 15. exf6
Bxf6 16. Bxf6 Qxf6 17. Qxf6 Rxf6 18. Ne4 Rf4 19. Nc5 Bc8 20. Nd3 Rf6 21. f4 d5 22.
Ne5 Rxf4 23. c5 Nd7 24. Nxc6 Nf6 25. Bb5 Kg7 26. Rhe1 Re4 27. Rxe4 Nxe4 28. Kb2 Be6
29. Rc1 Kf6 30. a4 Kg5 31. Nd4 Bf5 32. Bc6 Rd8 33. b4 axb4 34. a5 Bd7 35. a6 Kf6
36. Bxd7 Rxd7 37. Rf1+  1-0

[Event "Marienbad Open 2025 - A GM Round Robin"]
[Site "Continental hotel, Marianske Lazne"]
[Date "2025.01.25"]
[Round "9"]
[Board "5"]
[White "Natsidis, Christoph"]
[Black "Harshavardhan, G B"]
[Result "0-1"]
[WhiteElo "2351"]
[BlackElo "2405"]
[PlyCount "0"]
[EventDate "2025.01.18"]
[EventRounds "9"]
[EventCountry "CZE"]

1. d4 Nf6 2. c4 e6 3. Nc3 Bb4 4. Qc2 d5 5. Bg5 dxc4 6. Nf3 h6 7. Bd2 c6 8. a4 Nbd7
9. e3 b5 10. b3 O-O 11. axb5 cxb5 12. bxc4 bxc4 13. Bxc4 Bb7 14. Be2 Rc8 15. Qb2
a5 16. O-O Nb6 17. Qb3 Nfd5 18. Rfc1 Nxc3 19. Bxc3 Bd5 20. Qb2 Nc4 21. Qb1 Bxf3 22.
Bxf3 Ne5 23. Bxb4 Nxf3+ 24. gxf3 Rxc1+ 25. Qxc1 Qg5+ 26. Kh1 axb4 27. Rb1 Rb8 28.
Qd1 Qd5 29. Rb3 e5 30. Kg2 exd4 31. exd4 Rb6 32. Qd3 Qg5+ 33. Kf1 Qc1+ 34. Kg2 Rg6+
 0-1

[Event "Marienbad Open 2025 - B1 IM Round Robin"]
[Site "Continental hotel, Marianske Lazne"]
[Date "2025.01.18"]
[Round "1"]
[Board "1"]
[White "Dunnington, Angus J"]
[Black "Prazak, Daniel"]
[Result "1/2-1/2"]
[WhiteElo "2259"]
[BlackElo "2314"]
[PlyCount "0"]
[EventDate "2025.01.18"]
[EventRounds "9"]
[EventCountry "CZE"]

1. d4 d5 2. Nf3 Nf6 3. c4 c6 4. Qc2 dxc4 5. Qxc4 Bf5 6. g3 e6 7. Bg2 Be7 8. O-O O-O
9. Bg5 Nbd7 10. Nbd2 h6 11. Bxf6 Nxf6 12. Rfd1 Rc8 13. Nb3 Qb6 14. Rac1 Rfd8 15.
e3 Be4  1/2-1/2

[Event "Marienbad Open 2025 - B1 IM Round Robin"]
[Site "Continental hotel, Marianske Lazne"]
[Date "2025.01.18"]
[Round "1"]
[Board "2"]
[White "Xu, Yang"]
[Black "Del Rey, Diego"]
[Result "1-0"]
[WhiteElo "2238"]
[BlackElo "2275"]
[PlyCount "0"]
[EventDate "2025.01.18"]
[EventRounds "9"]
[EventCountry "CZE"]

1. Nf3 d5 2. b3 Bg4 3. Ne5 Bf5 4. e3 Nd7 5. Bb2 Nxe5 6. Bxe5 e6 7. d4 Nf6 8. Bd3
Bg6 9. O-O Be7 10. Nd2 O-O 11. Bxg6 hxg6 12. c4 c5 13. dxc5 Bxc5 14. Qe2 Be7 15.
Rfd1 Qa5 16. cxd5 exd5 17. Rac1 Rac8 18. Bxf6 Bxf6 19. Nf3 Rc6 20. Nd4 Bxd4 21. Rxc6
bxc6 22. exd4 Qb4 23. g3 Rd8 24. Qe3 a5 25. Rc1 Rd6 26. Qc3 Re6 27. Qxb4 axb4 28.
Kf1 g5 29. f3 Kf8 30. Rc5 Ke7 31. Ra5 Kd6 32. Ra4 c5 33. Ra6+ Kc7 34. Ra5 c4 35.
Rxd5 c3 36. Rc5+ Kb6 37. Rc4 Kb5 38. Rc5+ Kb6 39. Kf2 Rh6 40. Ke3 Rxh2 41. Rc4 Ka5
42. Rc5+ Ka6 43. Kd3 Rxa2 44. Rc6+ Ka7 45. Rc7+ Ka8 46. Rc8+ Ka7 47. Kc4 Kb7 48.
Rc5 Rf2 49. Kxb4 c2 50. g4 Kb6 51. d5 g6 52. Rc6+ Kb7 53. Rc3 f5 54. d6 Rxf3 55.
Rxc2 Rd3 56. Kc5 Rxb3 57. Kd5 Rd3+ 58. Ke6 Re3+ 59. Kd7 fxg4 60. Rb2+ Ka6 61. Kc7
Rc3+ 62. Kb8 Rd3 63. Kc7 Rc3+ 64. Kd8 Rd3 65. d7 g3 66. Re2 Kb5 67. Ke7 Kc4 68. d8=Q
Rxd8 69. Kxd8 Kd3 70. Re1 Kd2 71. Re5 g4 72. Re4  1-0

[Event "Marienbad Open 2025 - B1 IM Round Robin"]
[Site "Continental hotel, Marianske Lazne"]
[Date "2025.01.18"]
[Round "1"]
[Board "3"]
[White "Jurek, Josef"]
[Black "Smietanska, Wiktoria"]
[Result "0-1"]
[WhiteElo "2196"]
[BlackElo "2157"]
[PlyCount "0"]
[EventDate "2025.01.18"]
[EventRounds "9"]
[EventCountry "CZE"]

1. Nf3 d5 2. d4 Nf6 3. c4 e6 4. e3 c6 5. Nbd2 Nbd7 6. Bd3 Bd6 7. O-O O-O 8. b3 e5
9. cxd5 cxd5 10. dxe5 Nxe5 11. Be2 Nc6 12. Bb2 Re8 13. Nd4 Bc7 14. Rc1 Qd6 15. N2f3
Nxd4 16. Qxd4 Bb6 17. Qa4 Bd7 18. Qa3 Qxa3 19. Bxa3 d4 20. Bc5 Bxc5 21. Rxc5 dxe3
22. fxe3 Rxe3 23. Bc4 Rc8 24. Rxc8+ Bxc8 25. Ng5 Re7 26. Nxf7 Rxf7 27. Rc1 Bd7 28.
Bxf7+ Kxf7 29. Rc7 b6 30. Rxa7 Ke6 31. Rb7 Nd5 32. Rb8 b5 33. a3 Nc3 34. Rg8 Kf7
35. Rd8 Ke7 36. Rg8 Kf7 37. Rd8 Bf5 38. Kf2 Be6 39. Ke1 Ke7 40. Rd3 Ne4 41. b4 Nd6
42. Rc3 Nc4 43. Rd3 Kf6 44. Kf2 Ke5 45. Rg3 g6 46. Ke2 Kd4 47. Rd3+ Ke4 48. Rg3 Bf5
49. h3 h5 50. Rd3 Ke5 51. Rc3 Kd4 52. Rb3 Be4 53. Rg3 h4 54. Rg4 Nxa3 55. Rxh4 Nc2
56. g4 Nxb4 57. Rh8 Nd5 58. h4 b4 59. Kd2 Nb6 60. Rd8+ Kc5 61. Rb8 Bf3 62. h5 gxh5
63. g5 Be4 64. Re8 Nc4+ 65. Kc1 b3 66. Rxe4 b2+ 67. Kc2 b1=Q+  0-1

[Event "Marienbad Open 2025 - B1 IM Round Robin"]
[Site "Continental hotel, Marianske Lazne"]
[Date "2025.01.18"]
[Round "1"]
[Board "4"]
[White "Garsky, Vladyslav"]
[Black "Papasimakopoulos, Alexandros"]
[Result "0-1"]
[WhiteElo "2163"]
[BlackElo "2379"]
[PlyCount "0"]
[EventDate "2025.01.18"]
[EventRounds "9"]
[EventCountry "CZE"]

1. e4 g6 2. d4 Bg7 3. Nf3 d6 4. Bd3 Nc6 5. c3 e5 6. dxe5 dxe5 7. O-O Nge7 8. Qe2
O-O 9. Nbd2 Kh8 10. b4 Qe8 11. a4 Nd8 12. Nc4 f6 13. Ba3 Ne6 14. g3 Ng5 15. Ne1 f5
16. exf5 e4 17. Bxe4 Nxe4 18. Qxe4 Nxf5 19. Qxe8 Rxe8 20. Nf3 Bxc3 21. Rac1 Bf6 22.
b5 Be6 23. Ne3 Nxe3 24. fxe3 Bh3 25. Rfe1 a6 26. Rxc7 axb5 27. Bc5 bxa4 28. Rxb7
a3 29. Bd4 Bxd4 30. Nxd4 a2 31. Nc2 Reb8 32. Rxb8+ Rxb8 33. Na1 Rb2 34. e4 Kg7 35.
e5 Kf7 36. e6+ Ke7  0-1

[Event "Marienbad Open 2025 - B1 IM Round Robin"]
[Site "Continental hotel, Marianske Lazne"]
[Date "2025.01.18"]
[Round "1"]
[Board "5"]
[White "Smolik, Jachym"]
[Black "Dylong, Antoni"]
[Result "1-0"]
[WhiteElo "2309"]
[BlackElo "2217"]
[PlyCount "0"]
[EventDate "2025.01.18"]
[EventRounds "9"]
[EventCountry "CZE"]

1. d4 Nf6 2. c4 e6 3. Nc3 Bb4 4. e3 d5 5. a3 Bxc3+ 6. bxc3 O-O 7. Bd3 c5 8. cxd5
exd5 9. Ne2 Re8 10. f3 b6 11. O-O Ba6 12. Ng3 Bxd3 13. Qxd3 Nbd7 14. Bb2 c4 15. Qd2
Qc7 16. Rae1 Rad8 17. Qc2 b5 18. e4 Nb6 19. e5 Nfd7 20. f4 Na4 21. Bc1 Qb6 22. Kh1
f6 23. Nf5 Nf8 24. Re3 Ng6 25. Rh3 fxe5 26. dxe5 Rf8 27. Be3 Qb7 28. Bd4 Qd7 29.
e6 Qxe6 30. Nxg7 Rxf4 31. Nxe6 Rxf1+ 32. Bg1 Re8 33. Ng5 Ree1 34. Nf3 Rc1 35. Qf5
Nxc3 36. Qe6+ Kg7 37. Qd7+ Kf6 38. Rxh7  1-0

[Event "Marienbad Open 2025 - B1 IM Round Robin"]
[Site "Continental hotel, Marianske Lazne"]
[Date "2025.01.19"]
[Round "2"]
[Board "1"]
[White "Prazak, Daniel"]
[Black "Dylong, Antoni"]
[Result "1-0"]
[WhiteElo "2314"]
[BlackElo "2217"]
[PlyCount "0"]
[EventDate "2025.01.18"]
[EventRounds "9"]
[EventCountry "CZE"]

1. e4 d6 2. d4 Nf6 3. Nc3 e5 4. Nf3 Nbd7 5. Rg1 Be7 6. g4 O-O 7. g5 Ne8 8. Be3 c6
9. Qd2 b5 10. O-O-O Qc7 11. h4 exd4 12. Nxd4 b4 13. Nb1 c5 14. Nf5 Nb6 15. h5 Bb7
16. Bg2 Rd8 17. Bf4 g6 18. Nh6+ Kh8 19. Rh1 gxh5 20. Rxh5 Ng7 21. Rh2 Ne6 22. Rdh1
f6 23. Nf5  1-0

[Event "Marienbad Open 2025 - B1 IM Round Robin"]
[Site "Continental hotel, Marianske Lazne"]
[Date "2025.01.19"]
[Round "2"]
[Board "2"]
[White "Papasimakopoulos, Alexandros"]
[Black "Smolik, Jachym"]
[Result "1/2-1/2"]
[WhiteElo "2379"]
[BlackElo "2309"]
[PlyCount "0"]
[EventDate "2025.01.18"]
[EventRounds "9"]
[EventCountry "CZE"]

1. d4 Nf6 2. c4 e6 3. Nc3 Bb4 4. e3 O-O 5. Bd2 d5 6. Nf3 b6 7. cxd5 exd5 8. Rc1 Be7
9. Ne5 c5 10. Bd3 Bb7 11. O-O a6 12. b3 Re8 13. f4 Nc6 14. Ne2 Rc8 15. Bc3 Bd6 16.
Ng3 cxd4 17. exd4 Ba3 18. Rc2 Nb4 19. Bxb4 Bxb4 20. Qe2 b5 21. Rxc8 Bxc8 22. Rc1
Qb6 23. Qf2 Bb7 24. Rd1 g6 25. Ne2 Ne4 26. Bxe4 dxe4 27. f5 Re7 28. Ng4 Rc7 29. Qh4
Be7 30. f6 Bf8 31. Ne3 Qa5 32. Qf4 Rd7 33. Qb8 Qc7 34. Qxc7 Rxc7 35. h4 h5 36. d5
Bd6 37. Kf2 Be5 38. g4 Bxf6 39. g5 Be5 40. Ng3 f5 41. gxf6 Bxf6 42. Ng2 Rc2+ 43.
Kf1 e3 44. Nxe3 Rxa2 45. Ne4 Bxh4 46. Rc1 Rb2 47. Rc7 Rxb3 48. Ke2 Rxe3+ 49. Kxe3
Bxd5 50. Ra7 b4 51. Rxa6 Bxe4 52. Kxe4 Kg7 53. Rb6 Be1 54. Kf3 Kh6 55. Rb5 Bc3 56.
Kg3 Kg7 57. Rb6 Kf7 58. Kf4 Bd2+ 59. Ke4 Kg7 60. Rd6 Be1 61. Kf4 Kh6 62. Rd5 g5+
63. Kf5 g4 64. Rd6+ Kg7 65. Rd1 Bh4 66. Rh1 g3 67. Kf4 b3 68. Kf3 Bg5 69. Rb1 h4
 1/2-1/2

[Event "Marienbad Open 2025 - B1 IM Round Robin"]
[Site "Continental hotel, Marianske Lazne"]
[Date "2025.01.19"]
[Round "2"]
[Board "3"]
[White "Smietanska, Wiktoria"]
[Black "Garsky, Vladyslav"]
[Result "1/2-1/2"]
[WhiteElo "2157"]
[BlackElo "2163"]
[PlyCount "0"]
[EventDate "2025.01.18"]
[EventRounds "9"]
[EventCountry "CZE"]

1. e4 e6 2. d4 d5 3. Nd2 h6 4. Bd3 c5 5. dxc5 Bxc5 6. exd5 Qxd5 7. Ne4 Be7 8. Nf3
Nf6 9. Qe2 Nbd7 10. O-O O-O 11. Rd1 Qa5 12. a3 Qc7 13. c4 b6 14. Nc3 a6 15. Nd4 Bb7
16. Re1 Bd6 17. h3 Ne5 18. Be3 Nxd3 19. Qxd3 Rfd8 20. Qe2 Rac8 21. Nf3 Nd7 22. Red1
Bxf3 23. Qxf3 Ne5 24. Qe2 Nxc4 25. Bd4 e5 26. Nd5 Qc6 27. Bc3 Bf8 28. Qe4 Qe6 29.
Ne3 Nxe3 30. Qxe3 f6 31. Qe4 Qb3 32. Re1 Bc5 33. Rac1 Bxa3 34. Bxe5 Rxc1 35. Rxc1
Bxb2 36. Bxb2 Qxb2 37. Rb1 Qd4 38. Qxd4 Rxd4 39. Rxb6 a5 40. Ra6 a4 41. g3 Rb4 42.
h4 h5 43. Ra5 Kf7 44. Ra7+ Ke6 45. Rxg7 Kd5 46. Kg2 Kc4 47. g4 Kb3 48. gxh5 Rxh4
49. Rb7+ Ka2 50. Rb5 a3 51. Kg3 Rh1 52. Kg2 Rh4 53. Kg3 Rh1 54. Kg2 Rh4 55. Kg3  1/2-1/2

[Event "Marienbad Open 2025 - B1 IM Round Robin"]
[Site "Continental hotel, Marianske Lazne"]
[Date "2025.01.19"]
[Round "2"]
[Board "4"]
[White "Del Rey, Diego"]
[Black "Jurek, Josef"]
[Result "1/2-1/2"]
[WhiteElo "2275"]
[BlackElo "2196"]
[PlyCount "0"]
[EventDate "2025.01.18"]
[EventRounds "9"]
[EventCountry "CZE"]

1. d4 e6 2. Nf3 Nf6 3. Bg5 h6 4. Bh4 b6 5. e3 Bb7 6. Nbd2 d6 7. Bd3 g5 8. Bg3 Nh5
9. c3 Bg7 10. e4 Nd7 11. Qe2 Qe7 12. O-O O-O 13. Rfe1 Rae8 14. Nf1 Nf4 15. Bxf4 gxf4
16. Rad1 e5 17. Bb5 c6 18. Ba6 Ba8 19. dxe5 dxe5 20. Bc4 Rd8 21. b4 Bb7 22. g3 b5
23. Bb3 Nb6 24. Nh4 Qg5 25. Nf5 Bc8 26. Nd6 Be6 27. Nb7 Rxd1 28. Rxd1 Bc4 29. Bxc4
Nxc4 30. Nd6 Nxd6 31. Rxd6 Rc8 32. Rd7 a5 33. Qd3 axb4 34. cxb4 Bf8 35. Qb3 Qf6 36.
a3 c5 37. Rd5 cxb4 38. axb4 Rc4 39. Rxb5 Rxe4 40. Qd5 fxg3 41. hxg3 Re2 42. Qg2 Re1
43. Qa8 Re2 44. Qg2 Re1  1/2-1/2

[Event "Marienbad Open 2025 - B1 IM Round Robin"]
[Site "Continental hotel, Marianske Lazne"]
[Date "2025.01.19"]
[Round "2"]
[Board "5"]
[White "Dunnington, Angus J"]
[Black "Xu, Yang"]
[Result "1/2-1/2"]
[WhiteElo "2259"]
[BlackElo "2238"]
[PlyCount "0"]
[EventDate "2025.01.18"]
[EventRounds "9"]
[EventCountry "CZE"]

1. Nf3 Nf6 2. g3 b6 3. Bg2 Bb7 4. O-O e6 5. c4 Be7 6. b3 c5 7. Bb2 O-O 8. e3 d5 9.
Qe2 dxc4 10. bxc4 Nc6 11. Rd1 Qc7 12. d3 Rad8 13. Nbd2 Rd7 14. Ne1 Rfd8 15. f4 Ne8
16. Ne4 f5 17. Nc3 Bf6 18. a3  1/2-1/2

[Event "Marienbad Open 2025 - B1 IM Round Robin"]
[Site "Continental hotel, Marianske Lazne"]
[Date "2025.01.20"]
[Round "3"]
[Board "1"]
[White "Xu, Yang"]
[Black "Prazak, Daniel"]
[Result "0-1"]
[WhiteElo "2238"]
[BlackElo "2314"]
[PlyCount "0"]
[EventDate "2025.01.18"]
[EventRounds "9"]
[EventCountry "CZE"]

1. Nf3 c5 2. b3 Nf6 3. Bb2 Nc6 4. e3 g6 5. Be2 Bg7 6. O-O O-O 7. c4 d5 8. Ne5 Nxe5
9. Bxe5 Be6 10. d3 Qd7 11. Nc3 Rfd8 12. Bf3 dxc4 13. dxc4 Bxc4 14. Bxf6 Bxf6 15.
bxc4 Bxc3 16. Rb1 Rab8 17. Qb3 Be5 18. Rfd1 Bd6 19. h4 h5 20. Rd5 e6 21. Rd2 Bh2+
22. Kxh2 Qc7+ 23. g3 Rxd2 24. Kg2 b6 25. Qc3 Rbd8 26. a4 R8d3 27. Qf6 Qd8 28. Qe5
Qd6 29. Qe4 Ra3 30. Rf1 Rxa4 31. g4 hxg4 32. Bxg4 f5 33. Qa8+ Qd8 34. Qc6 Qd7 35.
Qa8+ Kg7 36. Bf3 Rxc4 37. Ra1 a5 38. h5 Rcc2 39. Rf1 Qe7 40. Qb8 gxh5 41. Kh3 Rc4
42. e4 Qg5 43. Qe5+ Kf7 44. Qc7+ Kf6 45. Qb8 Rc3 46. Kh2 Rxf3 47. e5+ Kf7 48. Qb7+
Qe7 49. Qxf3 Qh4+ 50. Kg2 Qg4+ 51. Qxg4 hxg4 52. Rb1 Re2 53. Rxb6 Rxe5 54. Rb5 Kf6
55. Rxa5 c4 56. Ra2 c3 57. Rc2 Rc5 58. f4 e5 59. Kg3 exf4+ 60. Kxf4 Rc4+ 61. Kg3
Kg5 62. Kg2 f4 63. Kh2 Kf5 64. Kg2 Ke4 65. Kf2 Kd3 66. Rc1 c2  0-1

[Event "Marienbad Open 2025 - B1 IM Round Robin"]
[Site "Continental hotel, Marianske Lazne"]
[Date "2025.01.20"]
[Round "3"]
[Board "2"]
[White "Jurek, Josef"]
[Black "Dunnington, Angus J"]
[Result "1/2-1/2"]
[WhiteElo "2196"]
[BlackElo "2259"]
[PlyCount "0"]
[EventDate "2025.01.18"]
[EventRounds "9"]
[EventCountry "CZE"]

1. Nf3 d6 2. d4 Bg4 3. c4 Nd7 4. Nc3 Bxf3 5. exf3 g6 6. f4 e6 7. Be2 Bg7 8. O-O Ne7
9. d5 exd5 10. Nxd5 O-O 11. Nxe7+ Qxe7 12. Bf3 Nc5 13. Qc2 Qf6 14. Rb1 c6 15. g3
Ne6 16. Be3 Nd4  1/2-1/2